000
00307nam a22001457a 4500
008
210311b ||||| |||| 00| 0 eng d
020
_a
0130577952
041
_a
eng
080
_2
5th
_a
541
082
_a
541
100
_a
12
101
_a
KIM
245
_a
Basic Chemistry
_c
Seese,W.S
942
_2
udc
_c
BK
999
_c
56310
_d
56310